000 00925cam a22002534a 4500
001 14936521
005 20250121101449.0
008 070712s2007 fr b i000 0 eng d
020 _a9789264013940
020 _a9264013946
050 0 0 _aJF1525.P85
_bB75 2007
082 0 0 _a364.1/323
_222
245 0 0 _aBribery in public procurement :
_bmethods, actors and counter-measures.
260 _aParis :
_bOECD,
_cc2007.
300 _a103 p. ;
_c23 cm.
500 _a"Nicola Ehlermann-Cache ... is the lead author of this publication."--Foreword.
500 _aPublished in French under the title: Corruption dans les marchés publics : méthodes, acteurs et contre-mesures.
650 0 _aGovernment purchasing
_xCorrupt practices.
650 0 _aBribery.
650 0 _aBribery
_xPrevention.
700 1 _aEhlermann-Cache, Nicola.
710 2 _aOrganisation for Economic Co-operation and Development.
942 _2lcc
_cBK
_n0
999 _c2734
_d2734